Catálogo público

Fisiología de la nutrición en los animales domésticos (Record no. 65649)

MARC details
000 -CABECERA
campo de control de longitud fija 01306nam a22003617a 4500
003 - IDENTIFICADOR DEL NÚMERO DE CONTROL
campo de control CHAP
005 - FECHA Y HORA DE LA ÚLTIMA TRANSACCIÓN
campo de control 20220817043110.0
008 - DATOS DE LONGITUD FIJA--INFORMACIÓN GENERAL
campo de control de longitud fija 971010s1989 r 00010 d
010 ## - NÚMERO DE CONTROL DE LA BIBLIOTECA DEL CONGRESO
Número de control de LC 65649
011 ## - ENLACE DEL NUMERO DE CONTROL DE LA BIBLIOTECA DEL CONGRESO [OBSOLETO]
Número de control de LC 66621
035 ## - NÚMERO DE CONTROL DEL SISTEMA
Número de control de sistema 75064
040 ## - FUENTE DE LA CATALOGACIÓN
Centro/agencia transcriptor CHAP
082 ## - NÚMERO DE LA CLASIFICACIÓN DECIMAL DEWEY
Número de clasificación 636.085
Número de documento/Ítem R6Y
100 00 - ENTRADA PRINCIPAL--NOMBRE DE PERSONA
Nombre de persona Rook, J. A. F.
9 (RLIN) 99793
245 ## - MENCIÓN DE TÍTULO
Título Fisiología de la nutrición en los animales domésticos
260 ## - PUBLICACIÓN, DISTRIBUCIÓN, ETC.
Lugar de publicación, distribución, etc. México :
Nombre del editor, distribuidor, etc. CECSA,
Fecha de publicación, distribución, etc. 1989
300 ## - DESCRIPCIÓN FÍSICA
Extensión 752 p.
Otras características físicas : ilus. ; gráfs.
500 ## - NOTA GENERAL
Nota general 1992-170
590 ## - NOTA LOCAL (RLIN)
Nota local BATCH-UPD
Procedencia (VM) [OBSOLETO] 10
Condición del los carretes individuales (VM) [OBSOLETO] 20130110
-- UCH01
-- 0526
590 ## - NOTA LOCAL (RLIN)
Nota local BATCH-UPD
Procedencia (VM) [OBSOLETO] 10
Condición del los carretes individuales (VM) [OBSOLETO] 20130410
-- UCH01
-- 0206
590 ## - NOTA LOCAL (RLIN)
Nota local BATCH-UPD
Procedencia (VM) [OBSOLETO] 10
Condición del los carretes individuales (VM) [OBSOLETO] 20130914
-- UCH01
-- 1412
590 ## - NOTA LOCAL (RLIN)
Nota local CONVERSION
Procedencia (VM) [OBSOLETO] 10
Condición del los carretes individuales (VM) [OBSOLETO] 20130109
-- UCH01
-- 1336
650 14 - PUNTO DE ACCESO ADICIONAL DE MATERIA--TÉRMINO DE MATERIA
Término de materia o nombre geográfico como elemento de entrada Fisiología animal.
9 (RLIN) 41131
650 14 - PUNTO DE ACCESO ADICIONAL DE MATERIA--TÉRMINO DE MATERIA
Término de materia o nombre geográfico como elemento de entrada Nutrición animal.
700 0# - PUNTO DE ACCESO ADICIONAL--NOMBRE DE PERSONA
Nombre de persona Thomas, P. C.
9 (RLIN) 112854
901 ## - ELEMENTOS DE DATOS A LOCAL LDA (RLIN)
a BK
942 ## - ELEMENTOS DE PUNTO DE ACCESO ADICIONAL (KOHA)
Tipo de ítem Koha Libro
949 ## - PROCESAMIENTO DE INFORMACIÓN LOCAL (OCLC)
a 636.085 R6Y
b BC
c LIBRO
d 33724000265146
e LIBRO
h 68019
i 75064
s i
t 34.00
949 ## - PROCESAMIENTO DE INFORMACIÓN LOCAL (OCLC)
a 636.085 R6Y
b BC
c LIBRO
d 33724000265153
e LIBRO
f c.2
g I.c/e
h 86982
i 75064
s i
t 38.00
949 ## - PROCESAMIENTO DE INFORMACIÓN LOCAL (OCLC)
a 636.085 R6Y
b BC
c LIBRO
d 33724000265161
e LIBRO
f c.3
g I.c/e
h 86983
i 75064
s i
t 38.00
949 ## - PROCESAMIENTO DE INFORMACIÓN LOCAL (OCLC)
a 636.085 R6Y
b BC
c LIBRO
d 33724000611919
e LIBRO
f c.4
g I.c/e
h 86984
i 75064
s m
t 38.00
949 ## - PROCESAMIENTO DE INFORMACIÓN LOCAL (OCLC)
a 636.085 R6Y
b Z
c LIBRO
d -7997
e LIBRO
h 1307
i 75064
s i
Holdings
Estado de retiro Estado de pérdida Fuente del sistema de clasificación o colocación Estado dañado Restricciones de uso No para préstamo Código de colección Localización permanente Ubicación/localización actual Ubicación en estantería Fecha de adquisición Fuente de adquisición Información codificada de la localización en otra ubicación Total de préstamos Signatura topográfica completa Código de barras Fecha visto por última vez Precio válido a partir de Tipo de ítem Koha Fecha del último préstamo Número de copia
    Dewey Decimal Classification   Préstamo 15 días   General Biblioteca Central Biblioteca Central Planta principal - Colección General 31/12/2019 I.c/e LIBRO   636.085 R6Y 33724000265146 31/12/2019 31/12/2019 Libro    
    Dewey Decimal Classification   Préstamo 15 días   General Biblioteca Central Biblioteca Central Planta principal - Colección General 31/12/2019 I.c/e LIBRO 1 636.085 R6Y 33724000265153 12/03/2024 31/12/2019 Libro 22/02/2024 c.2
    Dewey Decimal Classification   Préstamo 15 días   General Biblioteca Central Biblioteca Central Planta principal - Colección General 31/12/2019 I.c/e LIBRO 1 636.085 R6Y 33724000265161 19/09/2024 31/12/2019 Libro 04/09/2024 c.3
    Dewey Decimal Classification   Préstamo 15 días   General Biblioteca Central Biblioteca Central Planta principal - Colección General 31/12/2019   LIBRO   636.085 R6Y 33724000611919 31/12/2019 31/12/2019 Libro   c.4